000 00411nam a22001337a 4500
999 _c6186
_d6186
008 170211b xxu||||| |||| 00| 0 eng d
082 _aDPer 910.5 T69 Jan-Aug 2015 v. 1-4
245 _aSo far, so good.
260 _aPhilippines:
_bOne Mega Group,
_c©2015.
300 _av1, pages 58-61:
_biIllustrations;
_c28 cm.
500 _aTravel Now.
650 0 _918680
_aTourist trade
_zMauritius
942 _2ddc
_cPER